Physical planning : Textbook

Physical planning concerns land use, spatial structure and the necessary policy decisions. Physical planning is a process resulting in a spatial plan, such as a plant for urban development or a plan for land use. After realisation of the plan it has to be maintained, wich means that new wishes and i...

Täydet tiedot

Tallennettuna:
Bibliografiset tiedot
Aineistotyyppi: Kirja
Kieli:Undetermined
Julkaistu: Wageningen Wageningen Agricultural Univ 1995
Aiheet:
Tagit: Lisää tagi
Ei tageja, Lisää ensimmäinen tagi!
Thư viện lưu trữ: Trung tâm Học liệu Trường Đại học Cần Thơ
LEADER 00917nam a2200181Ia 4500
001 CTU_16779
008 210402s9999 xx 000 0 und d
082 |a 338.9 
082 |b P578 
245 0 |a Physical planning : 
245 0 |b Textbook 
260 |a Wageningen 
260 |b Wageningen Agricultural Univ 
260 |c 1995 
520 |a Physical planning concerns land use, spatial structure and the necessary policy decisions. Physical planning is a process resulting in a spatial plan, such as a plant for urban development or a plan for land use. After realisation of the plan it has to be maintained, wich means that new wishes and insights are incorporated in new versions of the plan so that it remains useful for the relevant inhabitants and users of the land. 
650 |a Economic development projects 
904 |i Nguyễn Quang Điền 
980 |a Trung tâm Học liệu Trường Đại học Cần Thơ